| 000 | 02071cam a2200397 a 4500 | ||
|---|---|---|---|
| 999 |
_c330969 _d330969 |
||
| 001 | 15595278 | ||
| 003 | NUST | ||
| 005 | 20180117090029.0 | ||
| 008 | 090122s2010 maua b 001 0 eng | ||
| 010 | _a 2009002977 | ||
| 015 |
_aGBA914689 _2bnb |
||
| 016 | 7 |
_a014903279 _2Uk |
|
| 020 | _a9780137152520 | ||
| 020 | _a0137152523 | ||
| 035 | _a(OCoLC)ocn268789011 | ||
| 040 |
_aDLC _cDLC _dBTCTA _dYDXCP _dUKM _dC#P _dBWX _dCDX _dDLC |
||
| 050 | 0 | 0 |
_aBF176 _b.D78 2010 |
| 082 | 0 | 0 |
_a150.28/7 _222 |
| 100 | 1 |
_aDrummond, Robert J. _94229 |
|
| 245 | 1 | 0 |
_aAssessment procedures for counselors and helping professionals / _cRobert J. Drummond, Karyn Dayle Jones. |
| 250 | _a7th ed. | ||
| 260 |
_aBoston : _bPearson, _cc2010. |
||
| 300 |
_axvii, 408 p. : _bill. ; _c24 cm. + _e1 CD-ROM (4 3/4 in.) |
||
| 490 | 1 | _aThe Merrill counseling series | |
| 504 | _aIncludes bibliographical references and indexes. | ||
| 505 | 0 | _aIntroduction to assessment -- Methods and sources of assessment information -- Statistical concepts -- Understanding assessment scores -- Reliability -- Validity -- Selecting, administering, scoring, and interpreting assessment results -- Assessment of intelligence and general ability -- Assessment of achievement -- Assessment of aptitude -- Career and employment assessment -- Personality assessment -- Clinical assessment -- Assessment in education -- Assessment issues with diverse populations -- Communicating assessment results -- Ethical and legal issues in assessment. | |
| 650 | 0 |
_aPsychological tests. _93193 |
|
| 650 | 0 |
_aEducational tests and measurements. _94230 |
|
| 650 | 0 |
_aCounseling. _94000 |
|
| 700 | 1 |
_aJones, Karyn Dayle. _94231 |
|
| 830 | 0 |
_aMerrill counseling series. _94232 |
|
| 906 |
_a7 _bcbc _corignew _d1 _eecip _f20 _gy-gencatlg |
||
| 942 |
_2ddc _cBK |
||